DTM Fahrer 2006 - Statistiken

Allgemein
  • Dieses Quiz wurde 5 mal gespielt
  • Das Durchschnittsergebnis liegt bei 11 aus 23
Antwortstatistiken
Team Nummer Marke Nation Fahrer % Korrekt
Vodafone AMG-Mercedes 2 Mercedes Deutschland Bernd Schneider
75%
Junge Gebrauchte AMG-Mercedes 21 Mercedes Österreich Mathias Lauda
75%
Audi Sport Team Abt Sportsline 5 Audi Schweden Mattias Ekström
75%
Audi Sport Team Rosberg 16 Audi Deutschland Timo Scheider
75%
Easy Rent AMG-Mercedes 11 Mercedes Griechenland Alexandros Margaritis
50%
DaimlerChrysler Bank AMG-Mercedes 9 Mercedes Kanada Bruno Spengler
50%
Audi Sport Team Phoenix 12 Audi Deutschland Christian Abt
50%
TrekStor AMG-Mercedes 18 Mercedes Deutschland Daniel la Rosa
50%
Audi Sport Team Abt 6 Audi Deutschland Heinz-Harald Frentzen
50%
Salzgitter AMG-Mercedes 3 Mercedes Großbritannien Jamie Green
50%
Stern AMG-Mercedes 10 Mercedes Frankreich Jean Alesi
50%
Audi Sport Team Abt Sportsline 4 Audi Deutschland Martin Tomczyk
50%
DaimlerChrysler Bank AMG-Mercedes 8 Mercedes Finnland Mika Häkkinen
50%
AutoScout24 AMG-Mercedes 22 Mercedes Großbritannien Susie Stoddart
50%
Futurecom TME(2) 19 Audi Schweden Thed Björk
50%
Audi Sport Team Abt 7 Audi Dänemark Tom Christensen
50%
Futurecom TME 20 Audi Belgien Vanina Ickx
50%
Audi Sport Team Rosberg 15 Audi Deutschland Frank Stippler
25%
Futurecom TME(2) 19 Audi Niederlande Jeroen Bleekemolen
25%
Futurecom TME(3) 19 Audi Dänemark Nicholas Kiesa
25%
Audi Sport Team Phoenix 14 Audi Deutschland Pierre Kaffer
25%
TV-Spielfilm AMG-Mercedes 17 Mercedes Deutschland Stefan Mücke
25%
Futurecom TME(3) 19 Audi Niederlande Oliver Tielemans
0%
Keine übereinstimmenden Quizze gefunden
Verteilung der Resultate
Anzahl Personen mit jedem Resultat
Perzentil nach korrekt beantworteten Fragen
Ihre Resultats-Entwicklung
Sie haben dieses Quiz noch nicht gespielt